Câu chuyện triết học : Sách hướng dẫn không thể thiếu để đi vào triết học Tây phương

Αποθηκεύτηκε σε:
Λεπτομέρειες βιβλιογραφικής εγγραφής
Κύριος συγγραφέας: Magee, Bryan
Μορφή: Βιβλίο
Γλώσσα:Undetermined
Έκδοση: Hà Nội Thống kê 2003
Θέματα:
Ετικέτες: Προσθήκη ετικέτας
Δεν υπάρχουν, Καταχωρήστε ετικέτα πρώτοι!
Thư viện lưu trữ: Trung tâm Học liệu Trường Đại học Cần Thơ
LEADER 00688nam a2200205Ia 4500
001 CTU_60778
008 210402s9999 xx 000 0 und d
020 |b 160000 
082 |a 180 
082 |b M193 
100 |a Magee, Bryan 
245 0 |a Câu chuyện triết học : 
245 0 |b Sách hướng dẫn không thể thiếu để đi vào triết học Tây phương 
245 0 |c Bryan Magee; Huỳnh Phan Anh và Mai Sơn biên dịch 
260 |a Hà Nội 
260 |b Thống kê 
260 |c 2003 
650 |a Philosophy, western,Philosophy, ancient 
904 |i Minh, Năm 
980 |a Trung tâm Học liệu Trường Đại học Cần Thơ